[Event "VIE-ch U13"]
[Site "Ho Chi Minh City"]
[Date "2014.07.18"]
[Round "9"]
[White "Dao, Anh Hao"]
[Black "Nguyen, Van Sy Nguyen"]
[Result "0-1"]
[WhiteElo "1795"]
[BlackElo "1775"]
[PlyCount "33"]
[EventDate "2014.07.13"]
[EventType "swiss"]
[EventRounds "9"]
[EventCountry "VIE"]
[SourceTitle "EXT 2016"]
[Source "ChessBase"]
[SourceDate "2015.10.08"]
[SourceVersion "1"]
[SourceVersionDate "2015.10.08"]
[SourceQuality "1"]

1. Nf3 d5 2. g3 Nc6 3. Bg2 e5 4. d3 Nf6 5. 0-0 Be6 6. a3 Qd7 7. Re1 Bd6 8. b4 a6 9. Bb2 Bh3 10. Bh1 h5 11. Ng5 h4 12. Nxh3 Qxh3 13. Bg2 Qf5 14. e4 dxe4 15. dxe4 Qh7 16. g4 h3 17. Bh1 0-1

[Event "VIE-ch U13"]
[Site "Ho Chi Minh City"]
[Date "2014.07.17"]
[Round "8"]
[White "Nguyen, Van Sy Nguyen"]
[Black "Nguyen, Dang Khoa"]
[Result "1-0"]
[WhiteElo "1775"]
[BlackElo "1783"]
[PlyCount "87"]
[EventDate "2014.07.13"]
[EventType "swiss"]
[EventRounds "9"]
[EventCountry "VIE"]
[SourceTitle "EXT 2016"]
[Source "ChessBase"]
[SourceDate "2015.10.08"]
[SourceVersion "1"]
[SourceVersionDate "2015.10.08"]
[SourceQuality "1"]

1. e4 e5 2. Nf3 Nc6 3. Bc4 Bc5 4. d3 h6 5. Nc3 Nf6 6. Bd2 d6 7. h3 Be6 8. Bb3 0-0 9. Ne2 Bxb3 10. axb3 a6 11. Ng3 Ne7 12. Qc1 Kh7 13. 0-0 Nfg8 14. Re1 f5 15. exf5 Nxf5 16. Nxf5 Rxf5 17. Qd1 Qf6 18. Qe2 c6 19. Kh1 Ne7 20. Ra4 Ng6 21. Rf1 Nf4 22. Bxf4 Rxf4 23. Rxf4 Qxf4 24. Qe4+ Qxe4 25. dxe4 Rf8 26. Kg1 Rf4 27. Re1 b5 28. Re2 b4 29. Ne1 Kg8 30. Nd3 Rf8 31. Nxc5 dxc5 32. Rd2 Rf6 33. Rd7 Rf7 34. Rxf7 Kxf7 35. Kf1 a5 36. Ke2 g5 37. g4 Ke7 38. Kd3 Kd7 39. Kc4 Kd6 40. f3 Ke6 41. Kxc5 Kd7 42. c3 bxc3 43. bxc3 Kc7 44. c4 1-0

[Event "VIE-ch U13"]
[Site "Ho Chi Minh City"]
[Date "2014.07.16"]
[Round "6"]
[White "Nguyen, Van Sy Nguyen"]
[Black "Nguyen, Ung Bach"]
[Result "1/2-1/2"]
[WhiteElo "1775"]
[BlackElo "1806"]
[PlyCount "104"]
[EventDate "2014.07.13"]
[EventType "swiss"]
[EventRounds "9"]
[EventCountry "VIE"]
[SourceTitle "EXT 2016"]
[Source "ChessBase"]
[SourceDate "2015.10.08"]
[SourceVersion "1"]
[SourceVersionDate "2015.10.08"]
[SourceQuality "1"]

1. e4 c5 2. c3 Nc6 3. d4 d5 4. exd5 Qxd5 5. Be3 Bf5 6. dxc5 Qxd1+ 7. Kxd1 Rd8+ 8. Kc1 Nf6 9. Nd2 e6 10. b4 Nd5 11. Ne2 Nxe3 12. fxe3 Be7 13. Nf3 Bf6 14. Ned4 Bg6 15. Bb5 Be4 16. Rd1 0-0 17. Kb2 Rb8 18. Ba4 Rfd8 19. Bc2 Bxf3 20. Nxf3 Nxb4 21. Be4 Na6 22. Kc2 Nxc5 23. Bd3 Nxd3 24. Rxd3 Rxd3 25. Kxd3 Rd8+ 26. Kc2 Rc8 27. Nd4 Bxd4 28. exd4 f5 29. Kd3 g5 30. Rb1 b6 31. Rb5 Kf7 32. a4 Kf6 33. a5 Rc6 34. axb6 axb6 35. c4 h5 36. c5 bxc5 37. dxc5 f4 38. Ke4 Rc7 39. Ra5 Ke7 40. c6 Kf6 41. Rc5 e5 42. Kd5 g4 43. Kd6 Rc8 44. c7 f3 45. Kd7 fxg2 46. Rc1 Rxc7+ 47. Kxc7 Kg5 48. Rg1 h4 49. Rxg2 Kf4 50. Rf2+ Ke3 51. Rf5 e4 52. Kd6 g3 1/2-1/2

[Event "VIE-ch U13"]
[Site "Ho Chi Minh City"]
[Date "2014.07.13"]
[Round "1"]
[White "Nguyen, Doan Nam Anh"]
[Black "Nguyen, Van Sy Nguyen"]
[Result "1/2-1/2"]
[WhiteElo "1807"]
[BlackElo "1775"]
[PlyCount "92"]
[EventDate "2014.07.13"]
[EventType "swiss"]
[EventRounds "9"]
[EventCountry "VIE"]
[SourceTitle "EXT 2016"]
[Source "ChessBase"]
[SourceDate "2015.10.08"]
[SourceVersion "1"]
[SourceVersionDate "2015.10.08"]
[SourceQuality "1"]

1. d4 d5 2. c4 e6 3. Nf3 c5 4. e3 Nf6 5. Nc3 Nc6 6. a3 a5 7. dxc5 Bxc5 8. cxd5 Nxd5 9. Bb5 Nxc3 10. Bxc6+ bxc6 11. Qxd8+ Kxd8 12. bxc3 Ba6 13. Ne5 Kc7 14. Nxf7 Rhf8 15. Ng5 Rf6 16. Ne4 Rf5 17. Nxc5 Rxc5 18. f3 Rxc3 19. Kf2 Rb8 20. Kg3 Rb5 21. e4 e5 22. Rd1 h6 23. a4 Rbb3 24. Bd2 Rc5 25. Rdc1 Kb6 26. Rxc5 Kxc5 27. Bxa5 Bd3 28. Rc1+ Kd6 29. Rc3 Rxc3 30. Bxc3 g6 31. Bd2 h5 32. Kh4 Bf1 33. g3 Bg2 34. Kg5 Bxf3 35. Kxg6 c5 36. Bc3 c4 37. Kf5 Bg4+ 38. Kf6 Bf3 39. a5 Bxe4 40. Bxe5+ Kc6 41. Kg5 Bf3 42. h3 Kb5 43. Bc3 Be2 44. g4 hxg4 45. hxg4 Bxg4 46. Kxg4 Ka6 1/2-1/2

[Event "VIE-ch U13"]
[Site "Da Lat"]
[Date "2013.07.??"]
[Round "1"]
[White "Nguyen, Dang Hai"]
[Black "Nguyen, Van Sy Nguyen"]
[Result "1-0"]
[WhiteElo "1978"]
[BlackElo "1954"]
[PlyCount "53"]
[EventDate "2013.07.13"]
[EventType "swiss"]
[EventRounds "9"]
[EventCountry "VIE"]
[SourceTitle "EXT 2014"]
[Source "ChessBase"]
[SourceDate "2013.11.20"]
[SourceVersion "1"]
[SourceVersionDate "2013.11.20"]
[SourceQuality "1"]

1. d4 c5 2. dxc5 Nc6 3. Nc3 e5 4. e4 Nf6 5. Bg5 Bxc5 6. Nf3 h6 7. Bh4 d6 8. h3 Be6 9. Be2 0-0 10. 0-0 g5 11. Bg3 Qb6 12. Nd5 Qd8 13. Nxf6+ Qxf6 14. c3 Rad8 15. Qc2 d5 16. b4 Bb6 17. b5 Na5 18. exd5 Rxd5 19. c4 Bf5 20. Qa4 Rd7 21. Bxe5 Qe6 22. Rfe1 Rfd8 23. c5 Bxc5 24. Qxa5 b6 25. Qc3 Qe7 26. Bf6 Be4 27. Bxe7 1-0